| 000 | 01645cam a2200409 i 4500 | ||
|---|---|---|---|
| 001 | 21300408 | ||
| 003 | BJBSDDR | ||
| 005 | 20240418101828.0 | ||
| 006 | a|||||r|||| 00| 0 | ||
| 007 | ta | ||
| 008 | 191121s2020 maua b 001 0 eng | ||
| 010 | _a 2019024770 | ||
| 020 | _a9780262538442 (paperback) | ||
| 020 | _a026253844X (paperback) | ||
| 020 | _z9780262357616 (ebook) | ||
| 040 |
_aDLC _beng _cDLC _erda _dDLC |
||
| 041 | _aeng | ||
| 042 | _apcc | ||
| 050 | 1 | 4 |
_aQC 174.17 _bB864q 2020 |
| 082 | 0 | 0 | _a539.7/25 |
| 100 | 1 |
_aBrody, Jed _935338 |
|
| 245 | 1 | 0 |
_aQuantum entanglement / _cJed Brody. |
| 264 | 1 |
_aCambridge, Massachusetts : _bThe MIT Press, _c2020. |
|
| 300 |
_axix, 160 pages : _billustrations ; _c18 cm |
||
| 336 |
_atext _btxt _2rdacontent |
||
| 337 |
_aunmediated _bn _2rdamedia |
||
| 338 |
_avolume _bnc _2rdacarrier |
||
| 490 | 0 | _aThe MIT press essential knowledge series | |
| 504 | _aIncludes bibliographical references and index. | ||
| 520 |
_a"The purpose of this book is to empower readers to deeply understand how quantum-entangled particles violate common-sense assumptions and constraints. This book focuses on what quantum physics is not and investigates seemingly plausible theories that cannot account for experimental results"-- _cProvided by publisher. |
||
| 650 | 0 | _aQuantum entanglement. | |
| 650 | 4 |
_aTeoría cuántica _96387 |
|
| 830 | 0 |
_aThe MIT Press essential knowledge series _98868 |
|
| 906 |
_a7 _bcbc _corignew _d1 _eecip _f20 _gy-gencatlg |
||
| 942 |
_2lcc _cBK |
||
| 999 |
_c121052 _d121052 |
||